000 00717nam a2200241 a 4500
001 8996
003 BD-RjUL
005 20211208234709.0
008 140120s1966 enka b 001 0 eng
035 _a(BD-RjUL)9041
040 _aDLC/ICU
_cICU
_dDLC
_dBD-RjUL
_beng
041 _aeng
082 0 0 _a539
_bMAE 1966
_223
100 1 _aMark, Hans,
_d1929-
_927929
245 1 0 _aExperiments in modern physics /
_cHans Mark [and] N. Thomas Olson.
260 _aNew York :
_bMcGraw-Hill ,
_cc1966
300 _axii, 300 p. :
_bill. ;
_c23 cm.
504 _aIncludes bibliographies and index.
650 0 _aModern physics
_926669
700 1 _aOlson, N. Thomas,
_ejoint author.
_927930
942 _2ddc
_cBK
999 _c8996
_d8996